Administrative Divisions of the United States - Statistics

General Stats
  • This quiz has been taken 944 times
  • The average score is 51 of 65
Answer Stats
State % Correct
Territories Virgin Islands
94%
Territories Puerto Rico
93%
States Washington
93%
States Alaska
92%
States Alabama
91%
Districts District of Columbia
91%
States Hawaii
91%
States New York
91%
States Arkansas
90%
States California
90%
States Arizona
89%
States Colorado
89%
States Florida
89%
States Georgia
89%
States Kansas
89%
States Maine
89%
States New Mexico
89%
States North Carolina
89%
States North Dakota
89%
States South Carolina
89%
States South Dakota
89%
States Connecticut
88%
States Delaware
88%
States Idaho
88%
States Louisiana
88%
States Mississippi
88%
States Montana
88%
States New Hampshire
88%
States New Jersey
88%
States Ohio
88%
States Oregon
88%
States Texas
88%
States West Virginia
88%
States Illinois
87%
States Indiana
87%
States Kentucky
87%
States Maryland
87%
States Michigan
87%
States Minnesota
87%
States Missouri
87%
States Nevada
87%
States Pennsylvania
87%
States Rhode Island
87%
States Tennessee
87%
States Utah
87%
States Wyoming
87%
Territories Guam
86%
States Iowa
86%
States Massachusetts
86%
States Oklahoma
86%
States Vermont
86%
States Nebraska
85%
States Virginia
84%
States Wisconsin
84%
Territories American Samoa
71%
Territories Northern Mariana Islands
48%
Outlying Territories Midway Atoll
37%
Outlying Territories Wake Island
25%
Outlying Territories Baker Island
21%
Outlying Territories Johnston Atoll
20%
Outlying Territories Howland Island
19%
Outlying Territories Palmyra Atoll
19%
Outlying Territories Jarvis Island
18%
Outlying Territories Navassa Island
18%
Outlying Territories Kingman Reef
16%
No matching quizzes found
Score Distribution
Percent of People with Each Score
Percentile by Number Answered
Your Score History
You have not taken this quiz